[Event "TCh-RUS"]
[Site "Togliatti RUS"]
[Date "2003.05.16"]
[Round "1"]
[White "Yevseev,D"]
[Black "Abashev,D"]
[Result "1-0"]
[WhiteElo "2580"]
[BlackElo "2437"]
[EventDate "2003.05.16"]

1. d4 Nf6 2. c4 g6 3. Nc3 Bg7 4. e4 d6 5. Be2 O-O 6. Bg5 Na6 7. f4 Qe8 8.
Nf3 e5 9. fxe5 dxe5 10. d5 h6 11. Bh4 Ng4 12. Qd2 f5 13. h3 Nf6 14. exf5
gxf5 15. O-O Nc5 16. Rae1 Nce4 17. Nxe4 Nxe4 18. Qe3 Qg6 19. Bd3 Bd7 20.
Bxe4 fxe4 21. Nd2 c6 22. Nxe4 cxd5 23. cxd5 Rf4 24. Be7 Qf7 25. d6 Bc6 26.
Qd3 Kh8 27. Rxf4 exf4 28. Nd2 Bf6 29. Bxf6+ Qxf6 30. Re7 Kg8 31. Ne4 Qg6
32. Qc4+ Kf8 33. Qd4 Kg8 34. Nf6+ Kf8 35. Ng4 Kg8 36. Qxf4 1-0

[Event "TCh-RUS"]
[Site "Togliatti RUS"]
[Date "2003.05.16"]
[Round "1"]
[White "Vitiugov,N"]
[Black "Roppel,K"]
[Result "1-0"]
[WhiteElo "2447"]
[BlackElo "2287"]
[EventDate "2003.05.16"]

1. d4 Nf6 2. c4 g6 3. Nc3 Bg7 4. e4 d6 5. Nf3 O-O 6. Be2 e5 7. O-O Nc6 8.
d5 Ne7 9. Nd2 a5 10. a3 Nd7 11. Rb1 f5 12. b4 Kh8 13. f3 c6 14. Qc2 Nf6 15.
Nb3 axb4 16. axb4 cxd5 17. cxd5 f4 18. Na5 g5 19. Nb5 Ne8 20. Bd2 Ng6 21.
Rbc1 Rf7 22. Be1 h5 23. Qd1 Bh6 24. Rc2 g4 25. fxg4 hxg4 26. Bxg4 Bxg4 27.
Qxg4 Qb6+ 28. Bf2 Qxb5 29. Qxg6 Rh7 30. Nc4 Qxb4 31. Nb6 Rb8 32. Rc8 Rxc8
33. Nxc8 Qb5 34. Nxd6 Nxd6 35. Qxd6 Qe8 36. Rc1 Bf8 37. Qf6+ Kg8 38. Qf5
Qh5 39. Qxh5 Rxh5 40. Rc8 Kf7 41. Rc7+ Ke8 42. Rxb7 Rh6 43. Rb6 Bd6 44. Kf1
1-0

[Event "TCh-RUS"]
[Site "Togliatti RUS"]
[Date "2003.05.16"]
[Round "1"]
[White "Cherniaev,A2"]
[Black "Lanin,A"]
[Result "1-0"]
[WhiteElo "2228"]
[BlackElo "2259"]
[EventDate "2003.05.16"]

1. e4 c5 2. Nc3 Nc6 3. g3 Nf6 4. Bg2 e6 5. f4 d5 6. e5 Ng8 7. Nf3 Nh6 8.
O-O Be7 9. Kh1 Nf5 10. Ne2 h5 11. d4 g6 12. c3 Qb6 13. dxc5 Bxc5 14. b4 Be7
15. Qd3 Bd7 16. a4 a6 17. Bd2 Rc8 18. a5 Qc7 19. Be3 Nb8 20. Bb6 Qc4 21.
Qd1 h4 22. Nd2 Qc6 23. Kg1 hxg3 24. hxg3 g5 25. Nb3 gxf4 26. Rxf4 Bg5 27.
Nbd4 Nxd4 28. Bxd4 Bxf4 29. Nxf4 Qc7 30. Qg4 Nc6 31. Qg7 Rf8 32. Bc5 Ne7
33. Bxe7 Kxe7 34. Ng6+ Kd8 35. Qf6+ 1-0

[Event "TCh-RUS"]
[Site "Togliatti RUS"]
[Date "2003.05.16"]
[Round "1"]
[White "Kovalevskaya,E"]
[Black "Sveshnikov,E"]
[Result "1/2-1/2"]
[WhiteElo "2447"]
[BlackElo "2551"]
[EventDate "2003.05.16"]

1. e4 c5 2. Nf3 Nc6 3. Bb5 d6 4. O-O Bd7 5. Re1 a6 6. Bxc6 Bxc6 7. d4 cxd4
8. Nxd4 e6 9. Nxc6 bxc6 10. Qf3 Ne7 11. Nd2 Ng6 12. Qc3 Qc7 13. Nf3 e5 14.
h4 Be7 15. h5 Nf8 16. h6 gxh6 17. Bxh6 Ne6 18. Nd2 Rg8 19. Nc4 Nd4 20. Rad1
Rg6 21. Bc1 Qd7 22. Rxd4 exd4 23. Qxd4 Qg4 24. Ne3 Qe6 25. Nf5 Qe5 26. Qb6
d5 27. Qb7 Rd8 28. Bf4 Qe6 29. Qxe7+ Qxe7 30. Nxe7 1/2-1/2

[Event "TCh-RUS"]
[Site "Togliatti RUS"]
[Date "2003.05.16"]
[Round "1"]
[White "Ulibin,M"]
[Black "Ovetchkin,R"]
[Result "1/2-1/2"]
[WhiteElo "2562"]
[BlackElo "2535"]
[EventDate "2003.05.16"]

1. e4 c6 2. d4 d5 3. exd5 cxd5 4. c4 Nf6 5. Nc3 e6 6. Nf3 Bb4 7. cxd5 Nxd5
8. Qc2 Nc6 9. Be2 Nce7 10. O-O Bd7 11. Ne5 O-O 12. Qb3 Bc6 13. Bg5 Qa5 14.
Bf3 Bxc3 15. bxc3 Ba4 16. Qa3 f6 17. c4 Qb4 18. Bc1 Qxa3 19. Bxa3 fxe5 20.
cxd5 Rxf3 21. gxf3 Nxd5 22. dxe5 Rc8 23. Rac1 Bc6 24. Rfd1 Rc7 25. Rc4 Rf7
26. f4 Rf5 27. Bc1 Kf7 28. Bd2 Ke8 29. Rb1 Rh5 30. Rxc6 bxc6 31. Rb8+ Kf7
32. Kg2 Rf5 33. Kg3 Kg6 34. Re8 Nc7 35. Rc8 Rf7 36. Be3 a6 37. Kg4 h5+ 38.
Kf3 Kf5 39. h4 Rd7 40. a4 a5 41. Rf8+ Kg6 42. Rb8 Rd3 43. Rc8 Nd5 44. Rxc6
Kf5 45. Ra6 Nxf4 46. Rxa5 g5 47. hxg5 Ra3 48. Ra8 Nd5 49. Rf8+ Kg6 50. Rg8+
Kf5 51. Rf8+ Kg6 52. Rg8+ Kf5 53. Rh8 Nxe3 54. fxe3 Kxg5 55. Ra8 Kf5 56. a5
h4 57. Rh8 Kg5 58. Rg8+ Kf5 59. Rh8 Kg5 60. Rg8+ Kf5 61. Rh8 1/2-1/2

[Event "TCh-RUS"]
[Site "Togliatti RUS"]
[Date "2003.05.16"]
[Round "1"]
[White "Lysyj,I"]
[Black "Tseshkovsky,V"]
[Result "1-0"]
[WhiteElo "2475"]
[BlackElo "2564"]
[EventDate "2003.05.16"]

1. d4 Nf6 2. c4 c5 3. d5 b5 4. Qc2 bxc4 5. e4 g6 6. Bxc4 d6 7. Nf3 Bg7 8.
O-O O-O 9. Bd2 Bg4 10. Be2 e6 11. h3 Bxf3 12. Bxf3 exd5 13. exd5 Nbd7 14.
Bf4 Ne8 15. Nc3 Rb8 16. Rab1 f5 17. b3 Qh4 18. Bd2 Bd4 19. Ne2 Ne5 20. Nxd4
cxd4 21. Bd1 d3 22. Qb2 Nf6 23. Bc3 Ne4 24. Bxe5 dxe5 25. b4 Rfe8 26. Ba4
Re7 27. Bc6 Nd6 28. a4 e4 29. g3 Qxh3 30. Qf6 Nf7 31. Qxe7 h6 32. Qh4 Qxh4
33. gxh4 Ne5 34. Kh1 Kf7 35. b5 Ke7 36. a5 Kd6 37. b6 axb6 38. Rxb6 Rd8 39.
Bb7+ 1-0

[Event "TCh-RUS"]
[Site "Togliatti RUS"]
[Date "2003.05.16"]
[Round "1"]
[White "Filippov,Va"]
[Black "Frolov,D"]
[Result "1/2-1/2"]
[WhiteElo "2627"]
[BlackElo "2418"]
[EventDate "2003.05.16"]

1. Nf3 d5 2. d4 Nf6 3. c4 c6 4. Nc3 dxc4 5. a4 Bf5 6. Nh4 Bc8 7. e3 e5 8.
Bxc4 exd4 9. exd4 Be7 10. O-O O-O 11. Re1 Na6 12. Nf3 Nc7 13. Qb3 Nfd5 14.
a5 Rb8 15. Ne5 Be6 16. Bd2 a6 17. Rad1 Nb5 18. Nxd5 Bxd5 19. Bxd5 cxd5 20.
Qh3 Rc8 21. Nd7 Re8 22. Nb6 Rc6 23. Qh5 Nxd4 24. Bc3 Bc5 25. Nxd5 Rxe1+ 26.
Rxe1 Re6 27. Kf1 Rxe1+ 28. Kxe1 Qe8+ 29. Kd2 Qe4 30. Ne3 Nb3+ 31. Ke2 Bxe3
32. fxe3 Qxg2+ 33. Ke1 Qg1+ 34. Ke2 Qg2+ 35. Ke1 h6 36. Qe5 Qg1+ 37. Ke2
Qg2+ 38. Ke1 Qg6 39. h4 Qg1+ 40. Ke2 Qg2+ 41. Kd1 Qf1+ 42. Kc2 Na1+ 1/2-1/2

[Event "TCh-RUS"]
[Site "Togliatti RUS"]
[Date "2003.05.16"]
[Round "1"]
[White "Loskutov,O"]
[Black "Landa,K"]
[Result "1/2-1/2"]
[WhiteElo "2439"]
[BlackElo "2643"]
[EventDate "2003.05.16"]

1. e4 c5 2. Nf3 e6 3. d4 cxd4 4. Nxd4 a6 5. Nc3 b5 6. Bd3 Qb6 7. Be3 Bc5 8.
Be2 Nc6 9. Nxc6 dxc6 10. Bxc5 Qxc5 11. Qd3 Nf6 12. f4 e5 13. f5 a5 14. g4
Ba6 15. g5 Nd7 16. O-O-O O-O-O 17. f6 Kc7 18. fxg7 Rhg8 19. Rhf1 Rxg7 20.
h4 b4 21. Qxa6 bxc3 22. Qd3 Qb4 23. Qxc3 Qxc3 24. bxc3 Nf8 25. Rxd8 Kxd8
26. Rf6 Ng6 27. Rf5 Kc7 28. h5 Nf4 29. h6 Rg6 30. Bc4 Nh3 31. Rxf7+ Kd6 32.
Rxh7 Rxg5 33. Rg7 Rh5 34. h7 Nf4 35. Kb2 Kc5 36. Ba6 Ne6 37. Rf7 Rh4 38.
Bc8 Ng5 39. Rg7 Nxh7 40. Ra7 Nf6 41. Rxa5+ Kd6 42. Bf5 Rf4 43. Ra4 Nh5 44.
Ra7 Nf6 45. Ra4 Nh5 46. Bg6 Ng3 47. Rb4 Rf8 48. Bh7 1/2-1/2

[Event "TCh-RUS"]
[Site "Togliatti RUS"]
[Date "2003.05.16"]
[Round "1"]
[White "Kobalia,M"]
[Black "Beletsky,A"]
[Result "1/2-1/2"]
[WhiteElo "2639"]
[BlackElo "2439"]
[EventDate "2003.05.16"]

1. e4 e5 2. Bc4 Nf6 3. d3 c6 4. Nf3 d5 5. Bb3 Bd6 6. Nc3 dxe4 7. Ng5 O-O 8.
Ncxe4 Nxe4 9. Nxe4 Bf5 10. Qf3 Bg6 11. h4 Bxe4 12. dxe4 Nd7 13. a3 Nc5 14.
Ba2 Ne6 15. c3 Bc5 16. Bd2 Nf4 17. Bb1 Qd6 18. Bc2 Rad8 19. O-O-O Nd3+ 20.
Bxd3 Qxd3 21. Qxd3 Rxd3 22. Be1 Rxd1+ 23. Kxd1 Rd8+ 24. Kc2 b5 25. Rh3 f6
26. h5 Kf7 27. c4 Bd4 28. Rb3 a6 29. a4 Rb8 30. f3 g6 31. hxg6+ hxg6 32.
Bd2 Ke6 33. cxb5 cxb5 34. axb5 axb5 35. Bc3 Bxc3 36. Kxc3 f5 37. Kb4 fxe4
38. fxe4 Rd8 39. Rg3 Rd4+ 40. Kxb5 Rxe4 41. Rxg6+ Kf5 42. Rg8 Re2 43. b4 e4
44. g4+ Kf4 45. g5 Kf5 46. g6 Kf6 47. Kc4 e3 48. g7 Kf7 49. Kd3 Rg2 50.
Rf8+ Kxg7 51. Re8 Rd2+ 52. Kxe3 Rd7 53. Re5 Kf6 54. Ke4 Rd6 55. Rh5 Ke6 56.
Rh7 Rd1 57. b5 Kd6 58. b6 Rb1 59. Rh6+ Kc5 60. Rh8 Rxb6 1/2-1/2

[Event "TCh-RUS"]
[Site "Togliatti RUS"]
[Date "2003.05.16"]
[Round "1"]
[White "Odinokov,N"]
[Black "Pigusov,E"]
[Result "1/2-1/2"]
[WhiteElo "2349"]
[BlackElo "2588"]
[EventDate "2003.05.16"]

1. e4 c5 2. Nc3 Nc6 3. g3 g6 4. Bg2 Bg7 5. d3 Rb8 6. Nf3 d6 7. h3 b5 8. a3
a5 9. O-O b4 10. axb4 axb4 11. Nd5 e6 12. Ne3 Nge7 13. Re1 Bb7 14. Nc4 O-O
15. Bf4 e5 16. Bd2 Qc7 17. c3 Bc8 18. Ne3 h6 19. Nh4 bxc3 20. bxc3 Na5 21.
Ra3 Bd7 22. Qc2 Be6 23. c4 Nac6 24. Nd5 Nd4 25. Qa2 Nxd5 26. cxd5 Bd7 27.
Kh2 Qc8 28. Rb1 Rxb1 29. Qxb1 Qc7 30. Nf3 Rb8 31. Qa2 Nxf3+ 32. Bxf3 Bf8
33. Ra7 Rb7 34. Ra8 Rb8 35. Ra7 Rb7 36. Ra8 Rb8 37. Ra7 1/2-1/2

[Event "TCh-RUS"]
[Site "Togliatti RUS"]
[Date "2003.05.16"]
[Round "1"]
[White "Belozerov,A"]
[Black "Katkov,S"]
[Result "1-0"]
[WhiteElo "2533"]
[BlackElo "2234"]
[EventDate "2003.05.16"]

1. d4 d5 2. c4 c6 3. Nf3 Nf6 4. Nc3 a6 5. c5 Bf5 6. Bf4 Nbd7 7. e3 g6 8. h3
h6 9. Be2 Bg7 10. b4 Ne4 11. Rc1 Nxc3 12. Rxc3 Be4 13. O-O Bxf3 14. Bxf3 e5
15. dxe5 Nxe5 16. e4 Nxf3+ 17. Rxf3 O-O 18. exd5 Qxd5 19. Qxd5 cxd5 20. Rd1
d4 21. a4 Rfe8 22. Rb3 Re2 23. b5 axb5 24. axb5 g5 25. Bd6 Re6 26. g4 Rc8
27. b6 Be5 28. Bxe5 Rxe5 29. Rxd4 Rcxc5 30. Rd7 Rb5 31. Rxb5 Rxb5 32. Rxb7
Kg7 33. Rb8 Rb3 34. Kg2 Kh7 35. Kf1 Rb2 36. Ke1 Kg7 37. f3 Kf6 38. Kd1 Kg7
39. Kc1 Rb5 40. Kc2 Kf6 41. Kc3 Ke5 42. Kc4 Rb1 43. Kc5 Kf4 44. Rh8 Kxf3
45. Rxh6 Ke4 46. Rf6 Rb3 47. Rxf7 Rxh3 48. b7 Rb3 49. Kc6 Rb1 50. Kc7 1-0

[Event "TCh-RUS"]
[Site "Togliatti RUS"]
[Date "2003.05.16"]
[Round "1"]
[White "Grachev,B"]
[Black "Rustemov,A"]
[Result "1/2-1/2"]
[WhiteElo "2483"]
[BlackElo "2581"]
[EventDate "2003.05.16"]

1. d4 d5 2. c4 dxc4 3. Nf3 e6 4. e3 c5 5. Bxc4 a6 6. O-O Nf6 7. dxc5 Bxc5
8. Qxd8+ Kxd8 9. Nbd2 Ke7 10. Be2 Bd7 11. Ne5 Bb5 12. Nec4 Nc6 13. a3 Rhd8
14. b4 Bd6 15. Nxd6 Rxd6 16. Nc4 Bxc4 17. Bxc4 Rc8 18. Be2 Ne5 19. b5 Ne4
20. Bb2 Rd2 21. Bxe5 Rxe2 22. bxa6 bxa6 23. Rab1 f6 24. Rb7+ Kf8 25. Bc7
Kf7 26. Bg3+ Kg6 27. Rb6 Nc5 28. h4 Ne4 29. Kh2 e5 30. Rxa6 h5 31. Ra4 Kf5
32. f4 Nxg3 33. Kxg3 Rxe3+ 34. Rf3 Re2 35. fxe5+ Kxe5 36. Ra7 Rcc2 37. Re7+
Kd6 38. Rxe2 Rxe2 39. Rf5 Ke6 40. Rxh5 Re3+ 1/2-1/2

[Event "TCh-RUS"]
[Site "Togliatti RUS"]
[Date "2003.05.16"]
[Round "1"]
[White "Frolyanov,D"]
[Black "Galkin,A"]
[Result "1/2-1/2"]
[WhiteElo "2500"]
[BlackElo "2591"]
[EventDate "2003.05.16"]

1. e4 c6 2. d4 d5 3. exd5 cxd5 4. c4 Nf6 5. Nc3 e6 6. Nf3 Be7 7. cxd5 Nxd5
8. Bd3 Nc6 9. O-O O-O 10. a3 Bf6 11. Be3 Nxc3 12. bxc3 b6 13. Qc2 g6 14.
Bh6 Bg7 15. Bxg7 Kxg7 16. Rfe1 Bb7 17. Rad1 Rc8 18. Qd2 Qf6 19. Re4 Ne7 20.
Rf4 Nf5 21. Ne5 Rc7 22. Ng4 Qg5 23. d5 Bxd5 24. h4 Qh5 25. Bxf5 gxf5 26.
Ne3 Rc5 27. Rd4 Bc6 28. Nf1 Qh6 29. Qe2 Qf6 30. Ng3 Kh8 31. Nh5 Qe7 32. Qd2
f4 33. Nxf4 e5 34. Nd5 Qd6 35. Rd3 e4 36. Rd4 Rxd5 37. Rxd5 Qxd5 38. Qxd5
Bxd5 39. Rxd5 Rc8 40. Rd7 Rxc3 41. Rxa7 1/2-1/2

[Event "TCh-RUS"]
[Site "Togliatti RUS"]
[Date "2003.05.16"]
[Round "1"]
[White "Rodchenkov,V"]
[Black "Bologan,V"]
[Result "1-0"]
[WhiteElo "2417"]
[BlackElo "2663"]
[EventDate "2003.05.16"]

1. e4 c5 2. c3 Nf6 3. e5 Nd5 4. Nf3 e6 5. d4 cxd4 6. cxd4 d6 7. Nc3 Nxc3 8.
bxc3 Qc7 9. Bd2 Nd7 10. exd6 Bxd6 11. Bd3 b6 12. O-O Bb7 13. Re1 O-O 14. h3
Bf4 15. Bxf4 Qxf4 16. Qd2 Qc7 17. Ng5 h6 18. Ne4 Rfd8 19. Qe3 Rac8 20. Rac1
Nf8 21. Ng3 Qe7 22. Nh5 Rd5 23. Nf4 Ra5 24. c4 Rxa2 25. d5 Qg5 26. Be4 Re8
27. Bf3 Bc8 28. c5 bxc5 29. Rxc5 e5 30. Qb3 Rd2 31. Qb4 Rd4 32. Qxd4 exd4
33. Rxe8 Ba6 34. g3 d3 35. Nxd3 Bxd3 36. Rcc8 Qf6 37. Rxf8+ Kh7 38. Rh8+
Kg6 39. Rc6 1-0

[Event "TCh-RUS"]
[Site "Togliatti RUS"]
[Date "2003.05.16"]
[Round "1"]
[White "Isajevsky,A"]
[Black "Timofeev,Ar"]
[Result "0-1"]
[WhiteElo "2385"]
[BlackElo "2577"]
[EventDate "2003.05.16"]

1. c4 c5 2. Nf3 Nf6 3. d4 cxd4 4. Nxd4 g6 5. Nc3 Nc6 6. g3 Bg7 7. Bg2 O-O
8. O-O Ng4 9. e3 d6 10. b3 Nxd4 11. exd4 Nh6 12. Bb2 Nf5 13. d5 a6 14. a4
Rb8 15. Rb1 Bd7 16. Re1 b5 17. axb5 axb5 18. Nxb5 Bxb2 19. Rxb2 Bxb5 20.
cxb5 Rxb5 21. Bh3 Ng7 22. b4 Qb6 23. Rxe7 Rxb4 24. Rxb4 Qxb4 25. Qf3 Qd4
26. Rd7 Qa1+ 27. Kg2 Qe5 28. Rb7 Nh5 29. Bd7 Nf6 30. Bc6 h5 31. Rb4 Kg7 32.
h3 Rh8 33. Qf4 Qxf4 34. Rxf4 Rb8 35. Rd4 g5 36. h4 g4 37. Rd2 Rb4 38. f3
Rb3 39. Rf2 Rd3 40. fxg4 Nxg4 41. Rf3 Rd2+ 42. Kg1 Kg6 43. Bb7 Ne5 44. Rf4
Rc2 45. Ba6 Rc5 46. Bb7 f5 47. Rf2 Kf6 48. Kg2 Rc3 49. Re2 Rc4 50. Ba6 Rd4
51. Bb7 f4 52. gxf4 Rxf4 53. Kh3 Rd4 54. Rf2+ Kg7 55. Rc2 Rd3+ 56. Kg2 Ng6
57. Rc6 Nxh4+ 58. Kg1 Nf5 59. Bc8 Ne7 60. Rc7 Kf6 61. Bb7 Nxd5 0-1

[Event "TCh-RUS"]
[Site "Togliatti RUS"]
[Date "2003.05.16"]
[Round "1"]
[White "Galliamova,A"]
[Black "Askarov,M"]
[Result "1/2-1/2"]
[WhiteElo "2489"]
[BlackElo "2260"]
[EventDate "2003.05.16"]

1. e4 c5 2. Ne2 d6 3. g3 g6 4. Bg2 Bg7 5. c3 Nc6 6. d4 cxd4 7. cxd4 Qb6 8.
Nbc3 Nxd4 9. Nd5 Qc5 10. Nxd4 Bxd4 11. Be3 Bxe3 12. fxe3 Qa5+ 13. b4 Qd8
14. Rc1 Kf8 15. Nc7 Rb8 16. Qd4 e5 17. Qxa7 Bg4 18. O-O Kg7 19. Na6 Rc8 20.
Qxb7 Nf6 21. a4 Re8 22. Rxc8 Bxc8 23. Qc6 Re7 24. Rd1 Bb7 25. Rxd6 Qa8 26.
Qb6 Ne8 27. Nc5 Nxd6 28. Qxd6 Re8 29. Qc7 Bc8 30. Bf1 Bg4 31. Bc4 Qb8 32.
Qxf7+ Kh6 33. Nd3 Rf8 34. Qe7 Be2 35. Nxe5 Re8 36. Qh4+ Kg7 37. Bxe2 Qxe5
38. Bb5 Rf8 39. Kg2 Rc8 40. Qg4 Rc2+ 41. Kh3 Qb2 42. Qd7+ Kh6 43. Qe7 Rxh2+
44. Kg4 Rf2 45. Bc4 Rf6 46. e5 Rf5 47. Qh4+ Rh5 48. Qf6 Rf5 49. Qh4+ Rh5
1/2-1/2

[Event "TCh-RUS"]
[Site "Togliatti RUS"]
[Date "2003.05.16"]
[Round "1"]
[White "Batsanin,D"]
[Black "Smirnov,P"]
[Result "0-1"]
[WhiteElo "2431"]
[BlackElo "2615"]
[EventDate "2003.05.16"]

1. e4 e5 2. Nf3 Nc6 3. d4 exd4 4. Nxd4 Bc5 5. Nxc6 Qf6 6. Qd2 dxc6 7. Nc3
Bd4 8. f4 Nh6 9. e5 Qh4+ 10. g3 Qd8 11. Bg2 O-O 12. Ne4 f6 13. c3 Bb6 14.
Qxd8 Rxd8 15. Bd2 fxe5 16. O-O-O Ng4 17. fxe5 Bf5 18. Bf4 Be3+ 19. Bxe3
Rxd1+ 20. Kxd1 Nxe3+ 21. Ke2 Nxg2 22. Nf2 Re8 23. Kf3 Rxe5 24. Kxg2 Re2 25.
Rd1 Rxb2 26. a4 Rc2 27. Rd8+ Kf7 28. Rb8 Be4+ 29. Kf1 Bf3 0-1

[Event "TCh-RUS"]
[Site "Togliatti RUS"]
[Date "2003.05.16"]
[Round "1"]
[White "Ivanov,Se"]
[Black "Ivanov,Al2"]
[Result "1-0"]
[WhiteElo "2557"]
[BlackElo "2419"]
[EventDate "2003.05.16"]

1. d4 d5 2. c4 c6 3. Nf3 Nf6 4. Nc3 a6 5. c5 Nbd7 6. Bf4 Nh5 7. e3 g6 8.
Bd3 Bg7 9. O-O O-O 10. Re1 Re8 11. Bg5 Bf6 12. Bxf6 Nhxf6 13. b4 e5 14.
dxe5 Nxe5 15. Nd4 Nfg4 16. h3 Nxd3 17. Qxd3 Ne5 18. Qc2 f5 19. Na4 Nc4 20.
Nb2 Ne5 21. a4 Bd7 22. f4 Nf7 23. Nd3 Re4 24. Nf2 Re7 25. Rab1 Qe8 26. Qd2
Rc8 27. Nd3 Re4 28. Kh2 Ra8 29. Nf2 Re7 30. Nd1 Qb8 31. Nc3 Qa7 32. Rec1
Rae8 33. Nd1 Qb8 34. b5 axb5 35. axb5 Qc7 36. bxc6 bxc6 37. Rb6 Re4 38. Ra1
g5 39. g3 gxf4 40. gxf4 Rxe3 41. Nxe3 Qxf4+ 42. Kh1 Rxe3 43. Ra8+ Nd8 44.
Rxd8+ Kf7 45. Rf8+ Kg6 46. Qg2+ 1-0

[Event "TCh-RUS"]
[Site "Togliatti RUS"]
[Date "2003.05.17"]
[Round "2"]
[White "Timofeev,Ar"]
[Black "Batsanin,D"]
[Result "1/2-1/2"]
[WhiteElo "2577"]
[BlackElo "2431"]
[EventDate "2003.05.16"]

1. e4 c5 2. Nf3 Nc6 3. d4 cxd4 4. Nxd4 Nf6 5. Nc3 e5 6. Ndb5 d6 7. Bg5 a6
8. Na3 b5 9. Bxf6 gxf6 10. Nd5 Bg7 11. c3 f5 12. exf5 Bxf5 13. Nc2 O-O 14.
Nce3 Be6 15. Bd3 f5 16. O-O Ra7 17. f4 Ne7 18. Bc2 Nxd5 19. Nxd5 Qc8 20.
Bb3 Kh8 21. Kh1 Qc5 22. Qd3 a5 23. Ne3 e4 24. Qd2 d5 25. a3 Rd7 26. Nc2 Rd6
27. Rad1 Rfd8 28. Qe1 Qb6 29. Qh4 Bc8 30. Qh5 b4 31. axb4 axb4 32. Rxd5
1/2-1/2

[Event "TCh-RUS"]
[Site "Togliatti RUS"]
[Date "2003.05.17"]
[Round "2"]
[White "Ivanov,Al2"]
[Black "Hasangatin,R"]
[Result "0-1"]
[WhiteElo "2419"]
[BlackElo "2517"]
[EventDate "2003.05.16"]

1. Nf3 b5 2. e3 a6 3. d4 Nf6 4. Bd3 Bb7 5. Nbd2 e6 6. O-O c5 7. c3 Nc6 8.
Qe2 Qc7 9. a4 b4 10. e4 d5 11. exd5 Nxd5 12. Ne4 cxd4 13. cxd4 Be7 14. Re1
h6 15. Ng3 Qb6 16. Nh5 O-O-O 17. a5 Qa7 18. Nxg7 Rhg8 19. Nh5 Nxd4 20. Nxd4
Rxg2+ 21. Kf1 Qxd4 22. Be4 Rxh2 23. Ng3 Bc5 24. Be3 Nxe3+ 25. Qxe3 Rxf2+
26. Kxf2 Qxb2+ 27. Kf3 Bxe3 0-1

[Event "TCh-RUS"]
[Site "Togliatti RUS"]
[Date "2003.05.17"]
[Round "2"]
[White "Makarov,M"]
[Black "Yandemirov,V"]
[Result "1/2-1/2"]
[WhiteElo "2498"]
[BlackElo "2475"]
[EventDate "2003.05.16"]

1. Nf3 Nf6 2. c4 g6 3. d4 Bg7 4. g3 O-O 5. Bg2 c6 6. Nc3 d5 7. Qb3 dxc4 8.
Qxc4 a5 9. O-O a4 10. Bf4 Qa5 11. b4 axb3 12. Qxb3 Na6 13. Be5 Nb4 14. a3
Nbd5 15. Nxd5 Nxd5 16. Bxg7 Kxg7 17. Rfc1 Ra7 18. e4 Nf6 19. Ne5 Be6 20.
Qb2 Rd8 21. a4 Rda8 22. Nd3 Qd8 23. Nc5 Bc8 24. Rab1 Kg8 25. Qb6 1/2-1/2

[Event "TCh-RUS"]
[Site "Togliatti RUS"]
[Date "2003.05.17"]
[Round "2"]
[White "Gabdrakhmanov,R"]
[Black "Meister,Y"]
[Result "1/2-1/2"]
[WhiteElo "2427"]
[BlackElo "2513"]
[EventDate "2003.05.16"]

1. Nf3 d5 2. d4 c6 3. e3 Bg4 4. c4 Bxf3 5. Qxf3 e6 6. Nc3 Nf6 7. Bd3 Bb4 8.
O-O Nbd7 9. a3 Ba5 10. b4 Bc7 11. cxd5 cxd5 12. e4 dxe4 13. Nxe4 Nd5 14.
Bg5 Qb8 15. Bb5 Bxh2+ 16. Kh1 Bf4 17. Rfe1 h6 18. Bxd7+ Kxd7 19. Nc5+ Kc8
20. Bxf4 Qxf4 21. Qxf4 Nxf4 1/2-1/2

[Event "TCh-RUS"]
[Site "Togliatti RUS"]
[Date "2003.05.17"]
[Round "2"]
[White "Skatchkov,P"]
[Black "Rodchenkov,V"]
[Result "1-0"]
[WhiteElo "2475"]
[BlackElo "2417"]
[EventDate "2003.05.16"]

1. d4 d5 2. Nf3 e6 3. g3 c5 4. Bg2 Nf6 5. O-O cxd4 6. Nxd4 Nc6 7. Nc3 Bb4
8. e4 O-O 9. exd5 exd5 10. Nce2 Bg4 11. h3 Bh5 12. Qd3 Bg6 13. Qb5 Qb6 14.
Qxb6 axb6 15. Be3 Bc5 16. Rfd1 Nb4 17. c3 Nc2 18. Nxc2 Bxc2 19. Rd2 Bxe3
20. Rxc2 Bc5 21. a3 Rfe8 22. Rd1 Re5 23. Nf4 Rd8 24. Rcd2 g5 25. Nxd5 Nxd5
26. Bxd5 Rd7 27. Kg2 Kg7 28. Bf3 Rc7 29. Rd7 Rxd7 30. Rxd7 Kf6 31. Rxb7 Re7
32. Rb8 Re6 33. Bg4 Rc6 34. Rb7 Be7 35. Bf3 Rd6 36. c4 Rd2 37. Rxb6+ Kg7
38. b4 Bf6 39. Rb5 Rc2 40. Rf5 Rxc4 41. Bd5 Rd4 42. b5 Bd8 43. Rxf7+ Kg6
44. Rd7 Bf6 45. b6 1-0

[Event "TCh-RUS"]
[Site "Togliatti RUS"]
[Date "2003.05.17"]
[Round "2"]
[White "Torbin,K"]
[Black "Grachev,B"]
[Result "0-1"]
[WhiteElo "2427"]
[BlackElo "2483"]
[EventDate "2003.05.16"]

1. d4 d5 2. Nf3 c6 3. c4 e6 4. Nbd2 Nf6 5. g3 Be7 6. Bg2 O-O 7. O-O Nbd7 8.
Qc2 b6 9. e4 Bb7 10. b3 Rc8 11. Ng5 h6 12. Nh3 c5 13. e5 Ne8 14. Re1 cxd4
15. Qb2 dxc4 16. Bxb7 c3 17. Qc2 Rc7 18. Bg2 Nxe5 19. Rxe5 d3 20. Qd1 Qd4
21. Re1 c2 22. Qf3 Qxa1 23. Nf4 Nf6 24. a4 Rd8 25. Nxd3 Rc3 26. Bf1 Ba3 27.
Ne4 Nxe4 28. Qxe4 Rxb3 29. Ne5 Bxc1 30. Nxf7 Qd4 31. Qxe6 Qd5 32. Qg4 Rc3
33. Nxd8 Bg5 34. Re8+ Kh7 35. Ne6 0-1

[Event "TCh-RUS"]
[Site "Togliatti RUS"]
[Date "2003.05.17"]
[Round "2"]
[White "Askarov,M"]
[Black "Frolyanov,D"]
[Result "1-0"]
[WhiteElo "2260"]
[BlackElo "2500"]
[EventDate "2003.05.16"]

1. d4 d5 2. Nf3 c6 3. c4 e6 4. Qb3 Nf6 5. g3 Be7 6. Bg2 O-O 7. O-O Nbd7 8.
Nc3 b6 9. cxd5 exd5 10. a4 a5 11. Bf4 Bb7 12. Rac1 Re8 13. Rfd1 Bb4 14. Na2
Bf8 15. Ne5 Nxe5 16. dxe5 Nd7 17. e4 Nc5 18. Qe3 Ne6 19. exd5 cxd5 20. Qb3
Nc5 21. Qc2 Rc8 22. Nc3 d4 23. Bxb7 Nxb7 24. Qf5 Nc5 25. Nb5 d3 26. Nd6
Bxd6 27. exd6 Re6 28. Qd5 Qd7 29. b4 axb4 30. a5 Rce8 31. axb6 Ne4 32. Qc6
Qd8 33. b7 Nc3 34. Rxc3 bxc3 35. Qxc3 Qd7 36. Qc7 Qb5 37. b8=Q Qxb8 38. d7
Qb3 39. dxe8=Q+ Rxe8 40. Qc1 h6 41. Re1 Rd8 42. Qd2 Qd5 43. h4 Rc8 44. Rd1
Rd8 45. Qe3 Qb3 46. Rd2 Qd5 47. Kh2 Qc4 48. Qf3 Qd4 49. Kg2 Qc4 50. Be5 f6
51. Bf4 Kh7 52. Be3 Qb5 53. Kh2 Rd7 54. Rb2 Qe5 55. Rb7 Rd8 56. Bd2 Qe6 57.
Qe3 Qf5 58. Qxh6+ 1-0

[Event "TCh-RUS"]
[Site "Togliatti RUS"]
[Date "2003.05.17"]
[Round "2"]
[White "Iskusnyh,S"]
[Black "Bocharov,D"]
[Result "0-1"]
[WhiteElo "2505"]
[BlackElo "2492"]
[EventDate "2003.05.16"]

1. d4 Nf6 2. c4 e6 3. Nf3 Bb4+ 4. Bd2 a5 5. g3 b6 6. Bg2 Bb7 7. O-O O-O 8.
Bf4 Be7 9. Qc2 c5 10. dxc5 bxc5 11. Nc3 Na6 12. Rad1 Qb6 13. Rd2 d5 14.
cxd5 exd5 15. Na4 Qa7 16. Nh4 g6 17. Bg5 Rfd8 18. a3 Rac8 19. Qb3 Bc6 20.
Qb6 Qxb6 21. Nxb6 Rb8 22. Bxf6 Bxf6 23. Nxd5 Bxd5 24. Bxd5 Rxb2 25. Rxb2
Bxb2 26. Bc4 Nc7 27. Rb1 Bxa3 28. Rb7 Rd7 29. Ba2 Rd2 30. Bc4 Rc2 31. Bb3
Rb2 32. Bxf7+ Kxf7 33. Rxc7+ Ke6 34. e4 Kd6 35. Ra7 Bb4 36. Nf3 c4 37. e5+
Kd5 38. Rd7+ Ke6 39. Rb7 c3 40. Rb5 c2 41. Nd4+ Kd7 42. e6+ Kc7 43. Nxc2
Rxc2 44. Re5 Rc1+ 45. Kg2 Re1 0-1

[Event "TCh-RUS"]
[Site "Togliatti RUS"]
[Date "2003.05.17"]
[Round "2"]
[White "Smikovski,I"]
[Black "Loskutov,O"]
[Result "0-1"]
[WhiteElo "2489"]
[BlackElo "2439"]
[EventDate "2003.05.16"]

1. e4 c5 2. Nf3 d6 3. d4 cxd4 4. Nxd4 Nf6 5. Nc3 a6 6. Be3 e5 7. Nb3 Be6 8.
f3 h5 9. Qd2 Nbd7 10. O-O-O Rc8 11. Kb1 Qc7 12. f4 Be7 13. h3 Nb6 14. Qf2
Nc4 15. Bxc4 Qxc4 16. Qf3 b5 17. a3 Qc7 18. f5 Bc4 19. g4 a5 20. g5 b4 21.
gxf6 bxc3 22. fxe7 Bxb3 23. Qg2 Ba4 24. Rd3 cxb2 25. Rh2 Rg8 26. f6 Kd7 27.
fxg7 Rxg7 28. Qd2 Kxe7 29. Qd1 Qc6 30. Rhd2 Qxe4 31. Bb6 Rg2 32. Bf2 Rxc2
33. Rxc2 0-1

[Event "TCh-RUS"]
[Site "Togliatti RUS"]
[Date "2003.05.17"]
[Round "2"]
[White "Beletsky,A"]
[Black "Nevostrujev,V"]
[Result "1/2-1/2"]
[WhiteElo "2439"]
[BlackElo "2528"]
[EventDate "2003.05.16"]

1. d4 Nf6 2. c4 g6 3. g3 Bg7 4. Bg2 O-O 5. Nc3 d6 6. Nf3 Nbd7 7. O-O e5 8.
e4 exd4 9. Nxd4 Re8 10. Re1 Nc5 11. h3 a5 12. Ndb5 Nfd7 13. Be3 Ne5 14.
Bxc5 dxc5 15. Qxd8 Rxd8 16. Nxc7 Rb8 17. Rad1 Rf8 18. Na4 Nxc4 19. b3 Nb2
20. Nxb2 Bxb2 21. e5 b5 22. e6 fxe6 23. Nxe6 Bxe6 24. Rxe6 Bd4 25. Rd2 Kg7
26. Bf1 Rf3 27. Bg2 Rc3 28. Re7+ Kh6 29. Kh2 a4 30. Bd5 Rf8 31. Kg2 a3 32.
h4 Rc1 1/2-1/2